LEADER 01059nam a2200253 i 4500 001 000000151949 003 CaOOAMICUS 005 20060719000000.0 008 060719s1979 it u000 u ita u 013 $a129290 040 $aSeMil$bita 100 1 $aCergoly, Carolus L.$0(OLS)http://semarc/name/36638 245 13$aIl complesso dell'imperatore :$bcollages di fantasie e memorie di un mitteleuropeo /$cCarolus L. Cergoly. 260 $aMilano :$bArnoldo Mondadori Editore,$c1979. 300 $a306 p. ;$c22 cm. 490 0 $aScrittori italiani e stranieri 500 $aFondo Ciprandi. 830 0$aScrittori italiani e stranieri.$0(OLS)http://semarc/title/2727 850 $aSeMil 852 $aSeMil$W1$xVenegono$y1$m1V V 173$j103927$B103927$CSeMilBibl$Z2$F112988 $81 941 1 $a1 961 $aOmaggio: Ciprandi dott. Paolo 996 $6245$aIl complesso dell'imperatore :$bcollages di fantasie e memorie di un mitteleuropeo$9(OLS)http://semarc/title/222116 996 $6260$aMilano :$bArnoldo Mondadori Editore$9(OLS)http://semarc/publisher/30056 LEADER 01139nam a2200289 4500 001 000000345821 003 CaOOAMICUS 005 20210506110300.0 008 210506s2006 it 000 u ita r 020 $a88-384-8616-6 040 $aSeMil$bita 100 0 $aBenedictus XVI,$c.$0(OLS)http://semarc/name/298 245 10$aVol. 12 /$cBeneddetto 16. ; a cura di Alessandra Berello. 264 1$aCasale Monferrato (AL) :$bPiemme,$c2006. 300 $a116 p. ;$c18 cm 700 1 $aBerello, Alessandra.$0(OLS)http://semarc/name/113785 773 0 $t5 minuti con Dio.$dCasale Monferrato (AL) : Piemme, 2004-2006.$w()4198 850 $aSeMil 852 $aSeMil$W1$xVenegono$y1$m2A I 417$j226392$B237172$CSeMilBibl$Z2$F237172 $81 900 1 $aRatzinger, Joseph,$d<1927-2022>. 900 0 $aBenedetto XVI$c. 996 $6020$a88-384-8616-6$9(OLS)http://semarc/number/293102 996 $6245$aVol. 12$9(OLS)http://semarc/title/434983 996 $6264$aCasale Monferrato (AL) :$bPiemme$9(OLS)http://semarc/publisher/30052